[Event "Vellmar Int.6th op A"]
[Site "Kassel"]
[Date "2014.07.31"]
[Round "1.1"]
[White "Schneider, Ilja"]
[Black "Hylkema, Remco"]
[Result "1-0"]
[WhiteElo "2488"]
[BlackElo "1998"]
[PlyCount "67"]
[EventDate "2014.07.31"]
[EventType "swiss"]
[EventRounds "7"]
[EventCountry "GER"]

1. d4 d5 2. c4 c6 3. Nf3 Nf6 4. Nc3 e6 5. e3 Nbd7 6. Qc2 Bd6 7. e4 dxe4 8. Nxe4
Nxe4 9. Qxe4 Bb4+ 10. Bd2 Bxd2+ 11. Nxd2 Nf6 12. Qe5 O-O 13. O-O-O Ng4 14. Qf4
e5 15. dxe5 Qa5 16. Re1 Qxa2 17. Bd3 b5 18. h3 Nh6 19. Re3 Rd8 20. Bxh7+ Kxh7
21. Ra3 Qxa3 22. bxa3 Rd3 23. Re1 Rxa3 24. Kb2 Ra6 25. Ra1 Rb6 26. c5 Rbb8 27.
Nb3 Be6 28. Nd4 Bd5 29. g4 g6 30. g5 Ng8 31. e6 Rf8 32. Rg1 fxe6 33. Qc7+ Kh8
34. Rg4 1-0

[Event "Vellmar Int.6th op A"]
[Site "Kassel"]
[Date "2014.07.31"]
[Round "1.2"]
[White "Knoth, Eugen"]
[Black "Langheinrich, Ferenc"]
[Result "0-1"]
[WhiteElo "1986"]
[BlackElo "2444"]
[PlyCount "74"]
[EventDate "2014.07.31"]
[EventType "swiss"]
[EventRounds "7"]
[EventCountry "GER"]

1. d4 Nf6 2. Nf3 e6 3. Bf4 c5 4. e3 Qb6 5. Qc1 Nh5 6. Bg3 Nc6 7. c3 d5 8. Bd3
Bd7 9. Nbd2 Rc8 10. Qb1 f5 11. Ne5 Nxe5 12. Bxe5 Nf6 13. O-O Be7 14. Nf3 O-O
15. h3 Ne4 16. a4 Be8 17. a5 Qd8 18. Bh2 Bh5 19. Bxe4 fxe4 20. Ne5 Be2 21. Re1
Ba6 22. b4 cxb4 23. cxb4 Qe8 24. Ra2 Qb5 25. Rb2 Rc3 26. Bg3 Bd8 27. Qd1 Qe8
28. Qg4 Bb5 29. Bf4 Rf5 30. h4 h5 31. Qh3 Rxf4 32. exf4 Rxh3 33. gxh3 Bf6 34.
Re3 Bxe5 35. fxe5 Qe7 36. f4 exf3 37. Rxf3 Qxh4 0-1

[Event "Vellmar Int.6th op A"]
[Site "Kassel"]
[Date "2014.07.31"]
[Round "1.3"]
[White "Plueg, Andreas"]
[Black "Werner, Martin"]
[Result "1-0"]
[WhiteElo "2305"]
[BlackElo "1978"]
[PlyCount "66"]
[EventDate "2014.07.31"]
[EventType "swiss"]
[EventRounds "7"]
[EventCountry "GER"]

1. d4 d5 2. Nf3 e6 3. c3 c5 4. Bf4 Nc6 5. e3 Nf6 6. Nbd2 Be7 7. h3 O-O 8. Bh2
cxd4 9. exd4 Bd6 10. Ne5 Bxe5 11. dxe5 Nd7 12. Nf3 Nc5 13. Bd3 d4 14. cxd4 Qa5+
15. Kf1 Nxd3 16. Qxd3 b6 17. Kg1 Rd8 18. Bf4 Ba6 19. Qe3 Qd5 20. Rd1 Qxa2 21.
Bg5 Rd7 22. Kh2 Qd5 23. Rhe1 Rc8 24. Qf4 Bb7 25. Qh4 Re8 26. Re4 Ne7 27. Rde1
Nf5 28. Qg4 Qa5 29. Nh4 Bxe4 30. Rxe4 Nxh4 31. Qxh4 Qb4 32. Rg4 g6 33. Qxh7+
Kxh7 1-0

[Event "Vellmar Int.6th op A"]
[Site "Kassel"]
[Date "2014.07.31"]
[Round "1.4"]
[White "Fichte, Wolfgang"]
[Black "Hilverda, Alexander"]
[Result "0-1"]
[WhiteElo "1959"]
[BlackElo "2301"]
[PlyCount "126"]
[EventDate "2014.07.31"]
[EventType "swiss"]
[EventRounds "7"]
[EventCountry "GER"]

1. b4 c6 2. e3 e5 3. Bb2 d6 4. c4 Nf6 5. Nf3 Be7 6. Be2 Qb6 7. Qb3 Na6 8. a3
Bf5 9. d4 e4 10. Nfd2 d5 11. Nc3 Qd8 12. cxd5 cxd5 13. Bxa6 bxa6 14. Qa4+ Qd7
15. Qxa6 O-O 16. Na4 Bg6 17. h3 Qf5 18. Nc5 Qg5 19. Rg1 Bf5 20. O-O-O Rfb8 21.
Ndb3 Bc8 22. Qc6 Bd7 23. Qc7 Qh4 24. Rd2 Rc8 25. Qe5 Bd8 26. Qg3 Qxg3 27. fxg3
h5 28. Rf1 Bb5 29. Rf5 Bc7 30. Rg5 g6 31. Rf2 Bc4 32. Rxf6 Bd8 33. Rff5 Bxg5
34. Rxg5 Bxb3 35. Kd2 Bc4 36. g4 h4 37. Ke1 Rd8 38. Re5 Kf8 39. Kf2 Rac8 40. g3
hxg3+ 41. Kxg3 Rc6 42. g5 Rc7 43. Bc3 Re7 44. Kf4 Rde8 45. Rxe7 Kxe7 46. Be1
Rh8 47. h4 f6 48. gxf6+ Kxf6 49. Nd7+ Kg7 50. Ke5 Rh5+ 51. Kd6 Rf5 52. Bg3 Rf1
53. Nc5 Kf6 54. b5 Rf3 55. Be5+ Kf5 56. a4 Rxe3 57. a5 Bxb5 58. Kxd5 Re1 59.
Bg3 Re2 60. Nxe4 Rxe4 61. Kc5 a6 62. d5 Rg4 63. Bf2 Ke5 0-1

[Event "Vellmar Int.6th op A"]
[Site "Kassel"]
[Date "2014.07.31"]
[Round "1.5"]
[White "Vogel, Roven"]
[Black "Tietze, Manfred"]
[Result "1-0"]
[WhiteElo "2257"]
[BlackElo "1914"]
[PlyCount "97"]
[EventDate "2014.07.31"]
[EventType "swiss"]
[EventRounds "7"]
[EventCountry "GER"]

1. d4 d5 2. Nf3 Nf6 3. c4 e6 4. g3 Be7 5. Bg2 O-O 6. O-O c6 7. Nc3 Nbd7 8. Bf4
Re8 9. Rc1 Nf8 10. Ne5 Ng6 11. Nxg6 hxg6 12. e4 Nxe4 13. Nxe4 dxe4 14. Bxe4 Bd6
15. Be5 Bxe5 16. dxe5 Qxd1 17. Rfxd1 c5 18. Rd6 Rb8 19. Rc3 Kf8 20. Ra3 a6 21.
Rb3 Ke7 22. Rxa6 Rd8 23. Ra7 Rd7 24. Kg2 Kd8 25. Raa3 Kc7 26. Rb5 b6 27. Kf3
Rd4 28. Ra7+ Bb7 29. b3 Rxe4 30. Rxb7+ Rxb7 31. Kxe4 Kc6 32. h4 Rd7 33. a4 Rd2
34. Ke3 Ra2 35. g4 Ra1 36. Kf4 Ra2 37. f3 Ra1 38. Kg5 Rf1 39. f4 Rf3 40. a5
bxa5 41. Rxa5 Rxb3 42. Ra7 Rb7 43. Rxb7 Kxb7 44. f5 gxf5 45. gxf5 exf5 46. Kxf5
Ka6 47. e6 fxe6+ 48. Kxe6 Ka5 49. Kd5 1-0

[Event "Vellmar Int.6th op A"]
[Site "Kassel"]
[Date "2014.07.31"]
[Round "1.6"]
[White "Becker, Robin"]
[Black "Klek, Hanna Marie"]
[Result "1/2-1/2"]
[WhiteElo "1897"]
[BlackElo "2232"]
[PlyCount "51"]
[EventDate "2014.07.31"]
[EventType "swiss"]
[EventRounds "7"]
[EventCountry "GER"]

1. e4 e5 2. Nf3 Nc6 3. Bc4 Bc5 4. O-O Nf6 5. d4 Bxd4 6. Nxd4 Nxd4 7. Bg5 d6 8.
f4 Qe7 9. fxe5 dxe5 10. c3 Nc6 11. Na3 Rg8 12. Qf3 Be6 13. Bxf6 gxf6 14. Qxf6
Bxc4 15. Qxe7+ Kxe7 16. Nxc4 Rg4 17. Ne3 Rxe4 18. Nd5+ Kf8 19. Nxc7 Rc8 20.
Ne6+ Kg8 21. Ng5 Re2 22. Nxf7 Rxb2 23. Rae1 Re8 24. Re3 Re6 25. Rg3+ Rg6 26.
Nh6+ 1/2-1/2

[Event "Vellmar Int.6th op A"]
[Site "Kassel"]
[Date "2014.07.31"]
[Round "1.7"]
[White "Heinelt, Manfred"]
[Black "Tschoepe, Nino"]
[Result "1/2-1/2"]
[WhiteElo "2201"]
[BlackElo "1897"]
[PlyCount "45"]
[EventDate "2014.07.31"]
[EventType "swiss"]
[EventRounds "7"]
[EventCountry "GER"]

1. d4 Nf6 2. c4 e6 3. Nc3 Bb4 4. e3 O-O 5. Bd3 d5 6. Nge2 dxc4 7. Bxc4 a6 8.
O-O Nc6 9. a3 Bd6 10. Ng3 e5 11. d5 Ne7 12. e4 Ng6 13. Nf5 Nxe4 14. Nh6+ gxh6
15. Nxe4 Qh4 16. Re1 f5 17. g3 Qe7 18. Nxd6 cxd6 19. Bxh6 Rf7 20. Qh5 Bd7 21.
Bg5 Qf8 22. Bh6 Qe7 23. Bg5 1/2-1/2

[Event "Vellmar Int.6th op A"]
[Site "Kassel"]
[Date "2014.07.31"]
[Round "1.8"]
[White "Miethe, Christoph"]
[Black "Kearns, Christopher"]
[Result "0-1"]
[WhiteElo "1874"]
[BlackElo "2168"]
[PlyCount "82"]
[EventDate "2014.07.31"]
[EventType "swiss"]
[EventRounds "7"]
[EventCountry "GER"]

1. e4 c5 2. c3 d6 3. d4 Nf6 4. dxc5 Nc6 5. Bd3 dxc5 6. Nf3 c4 7. Bc2 Qxd1+ 8.
Kxd1 Bg4 9. Ke2 e5 10. Be3 h6 11. Nbd2 Be6 12. Ba4 Bd6 13. h3 Kd7 14. Rhd1 Kc7
15. b4 b6 16. Bxc6 Kxc6 17. a4 a6 18. Ne1 b5 19. axb5+ axb5 20. Nc2 Nd7 21. Ke1
f5 22. f3 f4 23. Bf2 Bc7 24. Ra3 Rxa3 25. Nxa3 g5 26. Ra1 h5 27. Nc2 g4 28.
hxg4 hxg4 29. Ra6+ Nb6 30. Ke2 g3 31. Bxb6 Bxb6 32. Ne1 Kb7 33. Ra1 Rh2 34. Nf1
Bh3 35. Rd1 Kc6 36. Rd5 Bxg2 37. Rxe5 Bxf1+ 38. Kxf1 Rh1+ 39. Ke2 Rxe1+ 40.
Kxe1 g2 41. Re6+ Kd7 0-1

[Event "Vellmar Int.6th op A"]
[Site "Kassel"]
[Date "2014.07.31"]
[Round "1.9"]
[White "Van Veenendaal, Elmer"]
[Black "Bleecke, Sebastian"]
[Result "0-1"]
[WhiteElo "2117"]
[BlackElo "1873"]
[PlyCount "114"]
[EventDate "2014.07.31"]
[EventType "swiss"]
[EventRounds "7"]
[EventCountry "GER"]

1. d4 Nf6 2. Nf3 g6 3. Bf4 Bg7 4. e3 O-O 5. Be2 d6 6. h3 Nfd7 7. Nbd2 e5 8. Bg3
Nc6 9. c3 f5 10. Nb3 Qe7 11. dxe5 dxe5 12. Qd5+ Kh8 13. O-O-O a5 14. Bh4 Bf6
15. Bxf6+ Qxf6 16. Bb5 Ne7 17. Qd2 c6 18. Be2 a4 19. Na1 Nc5 20. Rhf1 Be6 21.
Qd6 a3 22. b3 Ne4 23. Qxe5 Qxe5 24. Nxe5 Nxc3 25. Rd2 Ra5 26. Nc4 Rc5 27. Nc2
Nxa2+ 28. Kb1 Nc3+ 29. Ka1 Nxe2 30. Rxe2 Bxc4 31. bxc4 Rxc4 32. Rd1 Nd5 33. Rd4
Rc3 34. e4 fxe4 35. Rdxe4 b5 36. Nb4 Rc1+ 37. Ka2 Nc3+ 38. Kxa3 Nxe4 39. Rxe4
Rxf2 40. Re3 Rxg2 41. Nd3 Rc3+ 42. Kb4 Rc4+ 43. Ka5 Rgc2 44. Ne5 R4c3 45. Nf7+
Kg7 46. Re7 Kf6 47. Rc7 Rxh3 48. Nd8 h5 49. Rf7+ Ke5 50. Kb6 b4 51. Re7+ Kf5
52. Rf7+ Ke4 53. Ne6 Rg3 54. Re7 Kd3 55. Nf4+ Kd2 56. Rd7+ Ke3 57. Nd3 Rd2 0-1

[Event "Vellmar Int.6th op A"]
[Site "Kassel"]
[Date "2014.07.31"]
[Round "1.11"]
[White "Humburg, Philipp"]
[Black "Kretzschmar, Arnd"]
[Result "0-1"]
[WhiteElo "2087"]
[BlackElo "1860"]
[PlyCount "72"]
[EventDate "2014.07.31"]
[EventType "swiss"]
[EventRounds "7"]
[EventCountry "GER"]

1. Nf3 Nf6 2. c4 g6 3. d4 c5 4. Nc3 cxd4 5. Nxd4 Nc6 6. g3 Bg7 7. Bg2 O-O 8.
O-O Nxd4 9. Qxd4 d6 10. Qh4 Qc7 11. Nb5 Qa5 12. Rd1 a6 13. Bd2 Qb6 14. Be3 Qa5
15. b4 Qd8 16. Na7 Be6 17. Bxb7 Rxa7 18. Bxa7 Qc7 19. Bf3 Qxa7 20. Rac1 h5 21.
Qd4 Qxd4 22. Rxd4 Ng4 23. Rd2 Bh6 24. e3 Nxe3 25. Rc3 Nxc4 26. Rdc2 Ne5 27. Bb7
Rb8 28. Rc7 $11 Kf8 29. a4 Bf5 30. Ra2 Ke8 31. b5 axb5 32. axb5 Kd8 33. b6 Nd7
34. Ra7 Nxb6 35. Bf3 Nc8 36. Kg2 Nxa7 0-1

[Event "Vellmar Int.6th op A"]
[Site "Kassel"]
[Date "2014.07.31"]
[Round "1.12"]
[White "Herdzik, Matthias"]
[Black "Stabernack, Joschi"]
[Result "1/2-1/2"]
[WhiteElo "1859"]
[BlackElo "2084"]
[PlyCount "72"]
[EventDate "2014.07.31"]
[EventType "swiss"]
[EventRounds "7"]
[EventCountry "GER"]

1. e4 e5 2. Nf3 Nf6 3. Bc4 Nxe4 4. O-O d5 5. Qe1 Bc5 6. Bd3 f5 7. Nxe5 O-O 8.
Be2 Re8 9. Nf3 Nc6 10. d3 Nf6 11. Bg5 h6 12. Bd2 d4 13. a4 a5 14. Na3 Qe7 15.
Qc1 Qf7 16. Re1 Be6 17. Nb5 Bd5 18. Bf4 Bb6 19. Qd1 Qd7 20. Bc1 Re7 21. b3 Rae8
22. Nd2 Bc5 23. Ba3 Bxa3 24. Nxa3 Bf7 25. Ndc4 Bh5 26. f3 Nd5 27. Qd2 b6 28.
Bf1 Bf7 29. Nb5 Ne3 30. Kh1 Nxc4 31. dxc4 Nb4 32. Na3 Qd6 33. Bd3 Qf4 34. Re2
g5 35. Rae1 Na2 36. Nb1 Nc3 {Notation unklar} 1/2-1/2

[Event "Vellmar Int.6th op A"]
[Site "Kassel"]
[Date "2014.07.31"]
[Round "1.13"]
[White "Zuehlke, Burkhard"]
[Black "Kanbach, Mike"]
[Result "1-0"]
[WhiteElo "2074"]
[BlackElo "1859"]
[PlyCount "75"]
[EventDate "2014.07.31"]
[EventType "swiss"]
[EventRounds "7"]
[EventCountry "GER"]

1. d4 Nf6 2. c4 e6 3. Nc3 Bb4 4. Qc2 c5 5. dxc5 Bxc5 6. Nf3 O-O 7. Bg5 h6 8.
Bh4 Nc6 9. e3 Nb4 10. Qd2 d5 11. a3 Nc6 12. cxd5 exd5 13. Bxf6 Qxf6 14. Nxd5
Qd6 15. Rd1 a5 16. Be2 Bf5 17. O-O Ba7 18. Qc3 Rad8 19. b4 axb4 20. axb4 Bb8
21. b5 Ne7 22. Nf4 Qc7 23. Qb4 Ng6 24. b6 Qe7 25. Qxe7 Nxe7 26. Nd4 Be4 27. Nd3
Nd5 28. Nc5 Nxb6 29. Nxe4 Rfe8 30. Nc5 Be5 31. Bf3 Rc8 32. Nxb7 Rc7 33. Nc6
Bxh2+ 34. Kxh2 Rxb7 35. Rb1 g5 36. Rb4 f5 37. g3 f4 38. Bg2 1-0

[Event "Vellmar Int.6th op A"]
[Site "Kassel"]
[Date "2014.07.31"]
[Round "1.14"]
[White "Lechnauer, Uwe"]
[Black "Kolthoff, Siegmund"]
[Result "0-1"]
[WhiteElo "1847"]
[BlackElo "2064"]
[PlyCount "58"]
[EventDate "2014.07.31"]
[EventType "swiss"]
[EventRounds "7"]
[EventCountry "GER"]

1. e4 c5 2. Nc3 e6 3. f4 a6 4. Nf3 b5 5. d4 cxd4 6. Nxd4 Bb7 7. Bd3 Qb6 8. Be3
Bc5 9. Nce2 Nf6 10. c3 Qc7 11. Qc2 Be7 12. h3 d6 13. O-O-O Nbd7 14. Nf3 e5 15.
Ng3 g6 16. Ng5 exf4 17. Bxf4 Ne5 18. Bxe5 dxe5 19. Rhf1 O-O 20. Nf3 Rad8 21. h4
Ng4 22. Qe2 Bc5 23. Rde1 Be3+ 24. Kb1 Bf4 25. Ng5 Bxg3 26. Qxg4 Bxe1 27. h5 Bc8
28. Qf3 Bd2 29. Nh3 b4 0-1

[Event "Vellmar Int.6th op A"]
[Site "Kassel"]
[Date "2014.07.31"]
[Round "1.15"]
[White "Doescher, Thorsten"]
[Black "Weber, Andreas"]
[Result "1-0"]
[WhiteElo "2038"]
[BlackElo "1835"]
[PlyCount "55"]
[EventDate "2014.07.31"]
[EventType "swiss"]
[EventRounds "7"]
[EventCountry "GER"]

1. c4 e6 2. Nf3 d5 3. g3 c5 4. Bg2 Nc6 5. O-O Nf6 6. d3 Be7 7. Nc3 O-O 8. Bf4
Nh5 9. Bd2 d4 10. Na4 e5 11. a3 f5 12. b4 e4 13. Ne1 cxb4 14. axb4 Nf6 15. b5
Ne5 16. Bf4 Ng6 17. Bg5 Ng4 18. Bxe7 Qxe7 19. Nb6 axb6 20. Rxa8 f4 21. Bxe4
Nxh2 22. Kxh2 fxg3+ 23. fxg3 Rxf1 24. Rxc8+ Nf8 25. Qd2 Rf6 26. Kg2 g6 27. Qh6
Kh8 28. Nf3 1-0

[Event "Vellmar Int.6th op A"]
[Site "Kassel"]
[Date "2014.07.31"]
[Round "1.16"]
[White "Hartge, Gedeon"]
[Black "Ziegenfuss, Holger"]
[Result "1/2-1/2"]
[WhiteElo "1818"]
[BlackElo "2028"]
[PlyCount "57"]
[EventDate "2014.07.31"]
[EventType "swiss"]
[EventRounds "7"]
[EventCountry "GER"]

1. d4 d6 2. e4 Nf6 3. Nc3 e5 4. dxe5 dxe5 5. Qxd8+ Kxd8 6. Nf3 Bd6 7. Bg5 Be6
8. O-O-O Nbd7 9. Bb5 Kc8 10. h3 h6 11. Bh4 a6 12. Bxd7+ Nxd7 13. Rhe1 f6 14.
Nd2 g5 15. Bg3 b5 16. Nf1 Bc5 17. Ne3 Bb4 18. Ned5 Bxd5 19. Rxd5 Bxc3 20. bxc3
Nb6 21. Rd3 Re8 22. Red1 Kb7 23. f3 Kc6 24. Bf2 Nc4 25. Rd7 Nd6 26. Rh7 Rh8 27.
Rg7 Rhg8 28. Re7 Rge8 29. Rg7 1/2-1/2

[Event "Vellmar Int.6th op A"]
[Site "Kassel"]
[Date "2014.07.31"]
[Round "1.17"]
[White "Braun, Ingram"]
[Black "Masius, Patrick"]
[Result "0-1"]
[WhiteElo "2012"]
[BlackElo "1804"]
[PlyCount "110"]
[EventDate "2014.07.31"]
[EventType "swiss"]
[EventRounds "7"]
[EventCountry "GER"]

1. e4 Nf6 2. e5 Nd5 3. d4 d6 4. c4 Nb6 5. exd6 cxd6 6. Nc3 g6 7. Be3 Bg7 8. Rc1
O-O 9. b3 e5 10. dxe5 dxe5 11. Qxd8 Rxd8 12. c5 N6d7 13. Bc4 Nc6 14. Nd5 h6 15.
Nf3 Nf8 16. O-O Bg4 17. b4 Rd7 18. Bxh6 Bxh6 19. Nf6+ Kg7 20. Nxd7 Nxd7 21. Rb1
Bxf3 22. gxf3 Bf4 23. Kg2 Rh8 24. h3 Nf6 25. Bd3 Bg5 26. Be4 Nh5 27. Rh1 Nf4+
28. Kf1 Rd8 29. h4 Be7 30. Bxc6 bxc6 31. Ke1 Rd3 32. Rb3 Rxb3 33. axb3 Nd3+ 34.
Kd2 Nxb4 35. Kc3 Bxc5 36. Kc4 Be7 37. h5 a6 38. hxg6 Kxg6 39. Rh8 c5 40. Ra8
Kf6 41. Ra7 Bd6 42. Rd7 Ke6 43. Ra7 Be7 44. Ra8 Kd6 45. Ra7 f5 46. Ra8 Bh4 47.
Rf8 f4 48. Rh8 Bxf2 49. Rh6+ Kd7 50. Rg6 Bd4 51. Rh6 Ke7 52. Rg6 e4 53. fxe4 f3
54. Rg3 f2 55. Rf3 Nc2 0-1

[Event "Vellmar Int.6th op A"]
[Site "Kassel"]
[Date "2014.07.31"]
[Round "1.18"]
[White "Maar, Samuel"]
[Black "Prieto, Marcelo"]
[Result "0-1"]
[WhiteElo "1775"]
[BlackElo "2010"]
[PlyCount "80"]
[EventDate "2014.07.31"]
[EventType "swiss"]
[EventRounds "7"]
[EventCountry "GER"]

1. c4 e5 2. g3 Nc6 3. Bg2 g6 4. e3 Bg7 5. Ne2 Nge7 6. O-O O-O 7. Nbc3 d6 8. d4
exd4 9. Nxd4 Nxd4 10. exd4 c6 11. Re1 Nf5 12. Ne2 Qb6 13. d5 c5 14. a3 Bd7 15.
Rb1 Qa6 16. Qd3 b5 17. cxb5 Bxb5 18. Qd1 Bd3 19. Ra1 Rae8 20. Nf4 Bc2 21. Qd2
Nd4 22. Re3 Nb3 23. Qxc2 Nxa1 24. Qd1 Rxe3 25. fxe3 Qc4 26. Bf1 Qb3 27. Qd2 Re8
28. Be2 $11 Qb6 29. Qd1 Nb3 30. e4 Nxc1 31. Qxc1 Qxb2 32. Qd1 Rxe4 33. Bf3 Qd4+
34. Qxd4 Rxd4 35. Kf2 Ra4 36. Nd3 Rxa3 37. Ke2 a5 38. g4 c4 39. Nf4 Bh6 40. Nh3
Ra2+ 0-1

[Event "Vellmar Int.6th op A"]
[Site "Kassel"]
[Date "2014.07.31"]
[Round "1.20"]
[White "Pabst, Olaf"]
[Black "Schnegelsberg, Karl Heinz"]
[Result "0-1"]
[WhiteElo "1674"]
[BlackElo "2007"]
[PlyCount "52"]
[EventDate "2014.07.31"]
[EventType "swiss"]
[EventRounds "7"]
[EventCountry "GER"]

1. e4 e6 2. d4 d5 3. e5 c5 4. c3 Nc6 5. Nf3 Qb6 6. Bd3 cxd4 7. Nxd4 Nxe5 8.
Bb5+ Bd7 9. Bxd7+ Nxd7 10. O-O Ngf6 11. Nd2 Bd6 12. N2f3 O-O 13. Re1 Rac8 14.
Qe2 Rfe8 15. Be3 Ng4 16. Nb3 Qc7 17. g3 e5 18. Kg2 Ndf6 19. h3 Nxe3+ 20. Qxe3
a5 21. Qe2 a4 22. Nbd2 a3 23. b3 Qxc3 24. Rec1 Qb4 25. Rxc8 Rxc8 26. Nxe5 Bxe5
0-1

[Event "Vellmar Int.6th op A"]
[Site "Kassel"]
[Date "2014.08.01"]
[Round "2.1"]
[White "Prieto, Marcelo"]
[Black "Schneider, Ilja"]
[Result "0-1"]
[WhiteElo "2010"]
[BlackElo "2488"]
[PlyCount "52"]
[EventDate "2014.07.31"]
[EventType "swiss"]
[EventRounds "7"]
[EventCountry "GER"]

1. d4 d5 2. c4 c6 3. Nf3 Nf6 4. Nc3 a6 5. e3 b5 6. b3 Bg4 7. h3 Bxf3 8. Qxf3 e5
9. dxe5 Bb4 10. Bd2 Bxc3 11. Bxc3 Ne4 12. Bb4 bxc4 13. bxc4 Qb6 14. Rb1 a5 15.
cxd5 cxd5 16. e6 Ra7 17. Qf4 axb4 18. f3 g5 19. exf7+ Kf8 20. Qe5 Qxe3+ 21. Be2
Qf2+ 22. Kd1 Nc3+ 23. Kd2 Rxa2+ 24. Kd3 Qxe2+ 25. Qxe2 Nxe2 26. Rxb4 Nc6 0-1

[Event "Vellmar Int.6th op A"]
[Site "Kassel"]
[Date "2014.08.01"]
[Round "2.2"]
[White "Langheinrich, Ferenc"]
[Black "Doescher, Thorsten"]
[Result "1-0"]
[WhiteElo "2444"]
[BlackElo "2038"]
[PlyCount "111"]
[EventDate "2014.07.31"]
[EventType "swiss"]
[EventRounds "7"]
[EventCountry "GER"]

1. Nf3 d5 2. g3 c5 3. Bg2 Nc6 4. d4 Nf6 5. O-O e6 6. c4 Be7 7. cxd5 exd5 8.
dxc5 Bxc5 9. Bg5 Be7 10. Nc3 O-O 11. Bxf6 Bxf6 12. Qxd5 Qxd5 13. Nxd5 Bxb2 14.
Rab1 Ba3 15. Nd2 Bg4 16. Rb3 Bd6 17. Ne4 Be5 18. e3 Rad8 19. Nc5 b6 20. Nd3 Bb8
21. Rc1 Ne5 22. Nxe5 Bxe5 23. Ne7+ Kh8 24. Nc6 Rc8 25. Rbb1 Bf6 26. Nxa7 Rxc1+
27. Rxc1 Rd8 28. Bf1 h5 29. Bc4 Rd7 30. Nc6 Bb2 31. Rb1 Rd2 32. Bxf7 Bf5 33.
Rf1 Bh3 34. Bxh5 Bxf1 35. Kxf1 Kg8 36. Ne7+ Kf8 37. Ng6+ Kg8 38. h4 Bf6 39. a4
Ra2 40. Bd1 Ra1 41. Ke2 Ra2+ 42. Kf3 Rb2 43. Nf4 Kf8 44. Be2 Bc3 45. Bb5 Rd2
46. Nd3 Ba1 47. Ke4 Ke7 48. g4 Kd6 49. h5 Bf6 50. Kf5 Rd1 51. g5 Bc3 52. e4 Rh1
53. e5+ Kd5 54. Nf4+ Kc5 55. e6 Kd6 56. e7 1-0

[Event "Vellmar Int.6th op A"]
[Site "Kassel"]
[Date "2014.08.01"]
[Round "2.3"]
[White "Schnegelsberg, Karl Heinz"]
[Black "Plueg, Andreas"]
[Result "0-1"]
[WhiteElo "2007"]
[BlackElo "2305"]
[PlyCount "108"]
[EventDate "2014.07.31"]
[EventType "swiss"]
[EventRounds "7"]
[EventCountry "GER"]

1. Nf3 Nf6 2. g3 d5 3. Bg2 c6 4. d3 Bf5 5. O-O h6 6. Nbd2 e6 7. b3 Be7 8. Bb2
O-O 9. e3 a5 10. a3 Bh7 11. Qe2 c5 12. e4 Nc6 13. a4 Nb4 14. Ne1 Qb6 15. exd5
exd5 16. Qxe7 Rfe8 17. Bxf6 Rxe7 18. Bxe7 Re8 19. c3 Na6 20. Bh4 g5 21. Bxg5
hxg5 22. Bxd5 Nc7 23. Bc4 Qf6 24. Rc1 Re2 25. Rc2 Qe7 26. Ne4 Rxc2 27. Nxc2 Kg7
28. Re1 b6 29. Ne3 f5 30. Nd2 Qf6 31. Nef1 Bg8 32. d4 cxd4 33. cxd4 Ne6 34. d5
Nd4 35. Ne3 Bf7 36. Kf1 Bh5 37. Ng2 Bg4 38. f4 Bh3 39. Kg1 Nc2 40. Re2 Qd4+ 41.
Rf2 g4 42. Nf1 Kf6 43. d6 Bxg2 44. Kxg2 Ne1+ 45. Kg1 Qxd6 46. Re2 Qd4+ 47. Ne3
Nf3+ 48. Kg2 Qa1 49. Nd5+ Kg7 50. Re7+ Kf8 51. Kf2 Qg1+ 52. Ke2 Qxh2+ 53. Kf1
Qg1+ 54. Ke2 Qe1+ 0-1

[Event "Vellmar Int.6th op A"]
[Site "Kassel"]
[Date "2014.08.01"]
[Round "2.4"]
[White "Hilverda, Alexander"]
[Black "Bleecke, Sebastian"]
[Result "1/2-1/2"]
[WhiteElo "2301"]
[BlackElo "1873"]
[PlyCount "98"]
[EventDate "2014.07.31"]
[EventType "swiss"]
[EventRounds "7"]
[EventCountry "GER"]

1. Nf3 d5 2. d4 Nf6 3. c4 c6 4. Nc3 e6 5. Bg5 Bb4 6. cxd5 exd5 7. a3 Bxc3+ 8.
bxc3 h6 9. Bf4 Qa5 10. Qb3 O-O 11. e3 Bf5 12. Be2 Nbd7 13. O-O Qb6 14. Qa2 Qa5
15. Rfc1 Ne4 16. Bf1 b5 17. h3 Rac8 18. Bd3 Bh7 19. a4 Nb6 20. axb5 Qxa2 21.
Rxa2 cxb5 22. Rxa7 Nxc3 23. Bxh7+ Kxh7 24. Kh2 Kg8 25. Bd6 Ne4 26. Bc5 Rfe8 27.
Rb7 Nc4 28. Rxb5 Nxf2 29. Bb4 Nd3 30. Rc3 Nxb4 31. Rxb4 Ra8 32. Ne5 Nxe5 33.
dxe5 Ra7 34. Rb5 Rxe5 35. Rd3 Rae7 36. Rbxd5 Rxd5 37. Rxd5 Rxe3 38. h4 g6 39.
Rd2 Kf8 40. Rd7 Kg7 41. Rd6 Re6 42. Rd7 Kf6 43. Kg3 h5 44. Kf4 Ra6 45. Rd4 Ra5
46. g3 Rf5+ 47. Ke4 Rf1 48. Rd6+ Kg7 49. Ra6 Rf5 1/2-1/2

[Event "Vellmar Int.6th op A"]
[Site "Kassel"]
[Date "2014.08.01"]
[Round "2.5"]
[White "Kretzschmar, Arnd"]
[Black "Vogel, Roven"]
[Result "0-1"]
[WhiteElo "1860"]
[BlackElo "2257"]
[PlyCount "36"]
[EventDate "2014.07.31"]
[EventType "swiss"]
[EventRounds "7"]
[EventCountry "GER"]

1. d4 d5 2. c4 e5 3. dxe5 d4 4. Nf3 Nc6 5. a3 Bg4 6. Nbd2 Nge7 7. h3 Bf5 8. g4
Be6 9. Bg2 Ng6 10. O-O h5 11. g5 Qd7 12. Kh2 Nf4 13. Ng1 Nxe5 14. Ndf3 Nxf3+
15. Nxf3 Nxg2 16. Kxg2 Bxh3+ 17. Kg1 Qg4+ 18. Kh1 Qg2# 0-1

[Event "Vellmar Int.6th op A"]
[Site "Kassel"]
[Date "2014.08.01"]
[Round "2.7"]
[White "Masius, Patrick"]
[Black "Zuehlke, Burkhard"]
[Result "0-1"]
[WhiteElo "1804"]
[BlackElo "2074"]
[PlyCount "112"]
[EventDate "2014.07.31"]
[EventType "swiss"]
[EventRounds "7"]
[EventCountry "GER"]

1. e4 d6 2. Nf3 Nf6 3. d3 g6 4. g3 Bg7 5. Bg2 O-O 6. O-O c5 7. Nbd2 Nc6 8. c3
Rb8 9. a4 a6 10. Re1 Qc7 11. Nf1 b5 12. axb5 axb5 13. N3d2 b4 14. Rb1 Ne5 15.
Qc2 bxc3 16. bxc3 Rxb1 17. Nxb1 c4 18. d4 Nd3 19. Rd1 Ng4 20. Be3 Ba6 21. Nbd2
e5 22. h3 Nxe3 23. fxe3 Qa5 24. Rb1 Bh6 25. Bf3 f5 26. exf5 gxf5 27. Bb7 e4 28.
Bxa6 Qxa6 29. Qd1 d5 30. Qh5 Qc6 31. Ra1 Qd6 32. Kg2 Rf7 33. Ra8+ Kg7 34. g4
Qg6 35. Qxg6+ hxg6 36. Rd8 f4 37. exf4 Nxf4+ 38. Kg3 Ne2+ 39. Kg2 Nxc3 40. h4
e3 41. Nf3 Rxf3 42. Kxf3 e2 43. Kf2 exf1=Q+ 44. Kxf1 Be3 45. g5 Bxd4 46. Rd7+
Kf8 47. Rc7 Be5 48. Rc8+ Kf7 49. Kf2 Ne4+ 50. Ke3 Ng3 51. Kf3 Nf5 52. Kg4 d4
53. h5 Ne3+ 54. Kh4 gxh5 55. Kxh5 d3 56. g6+ Ke7 0-1

[Event "Vellmar Int.6th op A"]
[Site "Kassel"]
[Date "2014.08.01"]
[Round "2.9"]
[White "Klek, Hanna Marie"]
[Black "Herdzik, Matthias"]
[Result "1-0"]
[WhiteElo "2232"]
[BlackElo "1859"]
[PlyCount "69"]
[EventDate "2014.07.31"]
[EventType "swiss"]
[EventRounds "7"]
[EventCountry "GER"]

1. e4 c5 2. Nf3 d6 3. d4 cxd4 4. Nxd4 Nf6 5. Nc3 a6 6. Bg5 e6 7. f4 Be7 8. Qf3
Qc7 9. O-O-O Nbd7 10. g4 b5 11. Bxf6 Nxf6 12. g5 Nd7 13. f5 Ne5 14. Qg3 b4 15.
Nce2 Bb7 16. fxe6 O-O 17. Bg2 Rac8 18. Nf4 g6 19. Kb1 Nc4 20. Rhe1 Qa5 21. Nd5
Bxd5 22. exd5 f6 23. h4 fxg5 24. hxg5 Nb6 25. Nc6 Rxc6 26. dxc6 Na4 27. Qb3 Nc5
28. Qc4 Rf5 29. Rf1 Rxg5 30. Rf7 Qd8 31. Bd5 Re5 32. Rh1 g5 33. Rfxh7 Re1+ 34.
Rxe1 Kxh7 35. Qg4 1-0

[Event "Vellmar Int.6th op A"]
[Site "Kassel"]
[Date "2014.08.01"]
[Round "2.10"]
[White "Ziegenfuss, Holger"]
[Black "Heinelt, Manfred"]
[Result "1-0"]
[WhiteElo "2028"]
[BlackElo "2201"]
[PlyCount "53"]
[EventDate "2014.07.31"]
[EventType "swiss"]
[EventRounds "7"]
[EventCountry "GER"]

1. Nf3 c5 2. g3 Nc6 3. Bg2 g6 4. O-O Bg7 5. c4 e6 6. Nc3 Nge7 7. b3 d5 8. Bb2
d4 9. Na4 b6 10. e3 Rb8 11. exd4 cxd4 12. Re1 O-O 13. Rc1 Nb4 14. d3 Nxa2 15.
Rc2 Nb4 16. Rce2 Nec6 17. Ba3 Re8 18. Qd2 a5 19. Ng5 h6 20. Bxb4 Nxb4 21. Nxf7
Qf6 22. Ne5 Re7 23. Re4 Qf5 24. Rf4 Qh5 25. Bf3 Qxe5 26. Rxe5 Bxe5 27. Rg4 1-0